Responses for show #5335 - Friday, November 16, 2007

2007 Tournament of Champions final game 2.

Contestants

[<< previous game]

Doug Hicton, a composer originally from Regina, Saskatchewan, Canada (subtotal of $12,400)

Cliff Galiher, a student from Half Moon Bay, California (subtotal of $2,800)

Celeste DiNucci, a recent graduate student from Philadelphia, Pennsylvania (subtotal of $20,000)

[next game >>]

Jeopardy! Round responses

NATIONAL PARKS
RECENT CINEMA
(Alex: We want the actual last name from you...)
IF HE'D TAKEN MOM'S LAST NAME
IT AIN'T ROCKET SCIENCE
ECONOMIES OF THE WORLD
CROSSWORD CLUES "G"
    $200 30
Mammoth Cave

Celeste
    $200 16
Harry Potter and the Order of the Phoenix

Cliff
    $200 21
(Doug: Who is [*], baby?)
(Alex: Yes. Thank you.)

Sinatra

Doug
    $200 28
a voice print

Doug
    $200 5
Cuba

Celeste
    $200 11
a gaggle

Doug
    $400 29
(Cliff: What is Rainbow Bridge?)

Arches National Park

Cliff
Triple Stumper
    $400 14
(Alex: Interesting that you got her, and you didn't ring in on the others.)

Scarlett Johansson

Cliff
    $400 20
Colin Powell

Celeste
    $400 7
L.L. Bean

Doug
    $400 6
Canada

Doug
    $400 4
a groom

Doug
    $600 13
(Alex: And they're green with envy because it's [*].)

Mesa Verde

Triple Stumper
    $600 15
Live Free or Die Hard

Cliff
    $600 19
Shakespeare

Doug
    $600 26
(Alex: Yes, he was Swiss.)

Geneva

Doug
    $600 27
China

Cliff
    $1,000 1
(Alex: Ms. DiNucci gets [*].)

gorgonzola

Celeste
    $800 25
(Cliff: What is the Civilian Construction Corps?)
...
(Cliff: The devil's in the details.)
(Alex: I know, yeah.)

the Civilian Conservation Corps

Cliff
Triple Stumper
    $800 17
The Simpsons Movie

Celeste
    $800 9
King

Celeste
    $800 8
castling

Doug
    $800 22
Afghanistan

Celeste
    $800 2
Gurney

Doug
    $1000 24
(Cliff: What is Arcadia?)
...
(Alex: Now you realize that you should have said [*], not Arcadia.)

Acadia National Park

Cliff
Triple Stumper
    $1000 18
Nikki Blonsky

Cliff
    $1000 10
Darwin

Celeste
    $1000 12
a brisket

Doug
    $1000 23
Zimbabwe

Doug
    $1000 3
(Alex: That would be your little [*].)

a grunion

Triple Stumper

Scores at the first commercial break (after clue 15):

Celeste Cliff Doug
$3,000 $1,000 $4,000

Scores at the end of the Jeopardy! Round:

Celeste Cliff Doug
$5,200 $600 $6,600

Double Jeopardy! Round responses

SCIENTIFIC AMERICAN
(Alex: The magazine, of course.)
JAZZ HANDS
ARABIC
POMPIDOU & CIRCUMSTANCE
UNREAL ESTATE
REAL CASTLES & PALACES
    $400 26
a mutation

Celeste
    $400 21
Miles Davis

Celeste
    $400 11
a sandstorm

Doug
    $400 16
de Gaulle

Doug
    $400 1
F. Scott Fitzgerald

Celeste
    $400 6
Windsor Castle

Doug
    $800 27
anthrax

Celeste
    $800 22
(Doug: Who is Stan Getz?)

(John) Coltrane

CelesteDoug
    $800 15
Tuesday

Triple Stumper
    $800 17
prime minister

Doug
    $800 2
Great Expectations

Doug
    $800 7
the (Bavarian) Alps

Cliff
    $7,000 28
polar

Celeste
    $1200 23
Gene Krupa

Doug
    $1200 14
kaffiyeh

Doug
    $1200 18
(Celeste: What is the Distinguished Flying Cross?)

the Croix de Guerre

Celeste
Triple Stumper
    $1200 3
(Celeste: What is Daisy Miller?)

The Turn of the Screw

CelesteDoug
    $2,000 8
(Alex: Cliff?)
(Cliff: What is Cork?)
(Alex: No. What is [*], Ireland.)

the Shannon River

Cliff
    $1600 29
Carl Sagan

Doug
    $1600 24
Thelonious Monk

Celeste
    $1600 13
a wadi

Doug
    $1600 19
Algeria

Cliff
    $1600 4
Eudora Welty

Doug
    $1600 9
Yalta

Doug
    $2000 30
(Doug: What's worm?)

bots

Doug
Triple Stumper
    $2000 25
Django Reinhardt

Doug
    $2000 12
inshallah

Triple Stumper
    $2000 20
Chirac

Doug
    $2000 5
(Anthony) Trollope

Doug
    $2000 10
Rasputin

Cliff

Scores at the end of the Double Jeopardy! Round:

Celeste Cliff Doug
$14,200 $3,000 $22,600

[wagering suggestions for these scores]

Final Jeopardy! Round responses

COLONIAL AMERICAN GOVERNMENT
(Alex: [Revealing Cliff's response] Were you thnking of the Virginia House of [*]es? Good for you. You're right.)
CliffWhat is a burgess?
$200
CelesteWhat is an alderman?
$12,200
DougWhat is a burgher?
$13,401
burgess

Final scores:

Celeste Cliff Doug
$2,000 $3,200 $9,199

Cumulative scores:

Celeste Cliff Doug
$22,000 $6,000 $21,599
Tournament champion: $250,000 + the Jeopardy! DVD Home Game System 2nd runner-up: $50,000 + the Jeopardy! DVD Home Game System 1st runner-up: $100,000 + the Jeopardy! DVD Home Game System

Game dynamics:

Coryat scores:

Celeste Cliff Doug
$8,000 $5,000 $22,600
15 R
(including 2 DDs),
2 W
8 R,
4 W
(including 1 DD)
27 R,
2 W

Combined Coryat: $35,600

The J! Archive is created by fans, for fans. The Jeopardy! game show and all elements thereof, including but not limited to copyright and trademark thereto, are the property of Jeopardy Productions, Inc. and are protected under law. This website is not affiliated with, sponsored by, or operated by Jeopardy Productions, Inc. Join the discussion at JBoard.tv.